000 00920nam a2200277 a 4500
001 26698
003 BD-RjUL
005 20211209051044.0
008 140323s1952 nyuabcf b 001 0 eng d
035 _aOCLC ocm18460383 from D970428T
_a(BD-RjUL)26768
040 _aZEM
_cZEM
_dBD-RjUL
_beng
041 _aeng
082 _a940.2
_bFRA 1952
090 _aD246
_b.F74 1962
100 1 _aFriedrich, Carl J.
_q(Carl Joachim),
_d1901-1984
_96445
245 1 4 _aThe age of the baroque, 1610-1660 /
_cby Carl J. Friedrich.
260 _aNew York :
_bHarper & Brothers Publishers,
_c1952.
300 _axv, 368 p., [16] leaves of plates :
_bill., facsims., maps, ports. ;
_c22 cm.
490 1 _aRise of modern Europe
500 _aIncludes index.
650 _aEurope
_xHistory
_982039
651 0 _aEurope
_xHistory
_y17th century.
_945540
830 0 _aRise of modern Europe
_982042
942 _2ddc
_cBK
999 _c26698
_d26698